00229 a2200109 4500001000700000020000600007040001100013100001900024240003600043245003100079362000900110181517 a  cMagnum aGesell, Arnold10aA crianca dos 0 aos 5 anoslpor10aA crianca dos 0 aos 5 anos0 a1899